វចនានុក្រមខ្មែរ : (Record no. 6566)

MARC details
000 -LEADER
fixed length control field 01311nam a22002177a 4500
001 - CONTROL NUMBER
control field 6566
003 - CONTROL NUMBER IDENTIFIER
control field FISKH
005 - DATE AND TIME OF LATEST TRANSACTION
control field 20250512152457.0
008 - FIXED-LENGTH DATA ELEMENTS--GENERAL INFORMATION
fixed length control field 250512b cb ||||| |||| 00| 0 eng d
020 ## - INTERNATIONAL STANDARD BOOK NUMBER
International Standard Book Number 9789995099428
040 ## - CATALOGING SOURCE
Original cataloging agency FISKH
Language of cataloging khr
Transcribing agency FISKH
Modifying agency FISKH
100 ## - MAIN ENTRY--PERSONAL NAME
Personal name Sok, Jor
245 ## - TITLE STATEMENT
Title វចនានុក្រមខ្មែរ :
Remainder of title Khmer Dictionary /
Statement of responsibility, etc. រៀបរៀងដោយ ជ សុខ​
250 ## - EDITION STATEMENT
Edition statement បោះពុម្ពលើកទី ៤
260 ## - PUBLICATION, DISTRIBUTION, ETC.
Place of publication, distribution, etc. ភ្នំពេញ :
Name of publisher, distributor, etc. បណ្ណាគារ នគរធំ ,
Date of publication, distribution, etc. ២០១៣​ .
300 ## - PHYSICAL DESCRIPTION
Extent 1342 pages :
Other physical details illustrations ;
Dimensions 16 cm .
520 ## - SUMMARY, ETC.
Summary, etc. វចនានុក្រមនេះរៀបរៀងឡើងដើម្បីសិស្សានុសិស្សគ្រប់កំរិតថ្នាក់ទូទាំងប្រទេសហើយវចនានុក្រមនេះក៏ជាជំនួយមួយចំណែកដល់ការពង្រីកអក្សរសាស្រ្តរបស់ជាតិខ្មែរយើង​ ។
520 ## - SUMMARY, ETC.
Summary, etc. This dictionary has been compiled for students of all grade levels across the country, and it also serves as a contribution to the enrichment of our Khmer national literature.
942 ## - ADDED ENTRY ELEMENTS (KOHA)
Source of classification or shelving scheme Dewey Decimal Classification
Koha item type Khmer Books
Suppress in OPAC No
Holdings
Withdrawn status Lost status Source of classification or shelving scheme Damaged status Not for loan Collection Home library Current library Shelving location Date acquired Total Checkouts Full call number Barcode Date last seen Price effective from Koha item type
    Dewey Decimal Classification     Reference Footprints International School Library Network Toul Tom Poung Campus Footprints International School Library Network Toul Tom Poung Campus TTP Secondary Khmer Bookshelves 05/12/2025   SOK 2025-1254 05/12/2025 05/12/2025 Khmer Books